000 00787nam a2200241Ia 4500
003 OSt
005 20220923224025.0
006 a|||||r|||| 00| 0
007 ta
008 220922b |||||||| |||| 00| 0 hin d
024 _a224,162
037 _cTextual
040 _aARTS
_cARTS
_bhin
041 _2hin
_ahin
082 _aXM2, 152P4
100 _aचतुर्वेदी, जगदीश्वर
245 0 _aमाध्यम साम्राज्यवाद
246 _aMādhyam sāmrājyavāda
260 _aनई दिल्ली
_b अनामिका पब्लिशर्स
_c2002
300 _a264पृ.
_ccm.
942 _hXM2, 152P4
_cTEXL
_2CC
999 _c368725
_d368725